[Event "Championnat de France Minime"]
[Site "CALVI"]
[Date "2005.04.22"]
[Round "7.1"]
[White "Edouard, Romain"]
[Black "Henry, Guillaume"]
[Result "1-0"]
[WhiteElo "2255"]
[BlackElo "2128"]
[PlyCount "71"]
[EventDate "2005.??.??"]
[SourceDate "2005.04.17"]

1. e4 c5 2. Ne2 Nc6 3. Nbc3 Nf6 4. d4 cxd4 5. Nxd4 d6 6. f3 Nxd4 7. Qxd4 g6 8.
Bg5 Bg7 9. O-O-O O-O 10. Qb4 a5 11. Qa3 Qc7 12. Bxf6 Bxf6 13. Nd5 Qc5 14. Nxf6+
exf6 15. Qxc5 dxc5 16. Bc4 f5 17. Rhe1 Rb8 18. a4 b6 19. Rd6 fxe4 20. Rxe4 Bf5
21. Re7 Be6 22. Bxe6 fxe6 23. Rdd7 Rf6 24. Rg7+ Kh8 25. Rxh7+ Kg8 26. Rdg7+ Kf8
27. Rh8+ Kxg7 28. Rxb8 e5 29. Re8 Rf4 30. b3 Rf6 31. Rxe5 Rd6 32. Re2 Kf6 33.
Kb2 Rd4 34. Kc3 Rh4 35. g3 Rd4 36. Rd2 1-0

[Event "Championnat de France Minime"]
[Site "CALVI"]
[Date "2005.04.22"]
[Round "7.2"]
[White "Fougerit, Valentin"]
[Black "Vernay, Clovis"]
[Result "1/2-1/2"]
[WhiteElo "2068"]
[BlackElo "2224"]
[PlyCount "147"]
[EventDate "2005.??.??"]
[SourceDate "2005.04.17"]

1. e4 e6 2. d4 d5 3. Nd2 Nf6 4. e5 Nfd7 5. Bd3 c5 6. c3 Nc6 7. Ne2 cxd4 8. cxd4
a5 9. Nf3 Be7 10. h4 Nb6 11. Rh3 Nb4 12. Bb1 h6 13. a3 Nc6 14. Nf4 a4 15. Bc2
Nc4 16. Kf1 b5 17. h5 Qb6 18. Rg3 Bf8 19. Rg4 Bd7 20. Nd3 O-O-O 21. b3 axb3 22.
Bxb3 N6a5 23. Bc2 Be8 24. Nc5 Bxc5 25. dxc5 Qxc5 26. Rxg7 d4 27. Rg4 Nc6 28.
Bf4 f6 29. exf6 Bxh5 30. Rg7 Rd7 31. Be4 Rhd8 32. Bxc6 Qxc6 33. Ne5 Nxe5 34.
Qxh5 Nd3 35. Bxh6 Rd5 36. Qe2 Ne5 37. Rc1 Nc4 38. Re7 e5 39. Qg4+ Kb8 40. Qg7
d3 41. Kg1 R5d6 42. Rxc4 bxc4 43. f7 c3 44. f8=Q d2 45. Qxd8+ Rxd8 46. Qxe5+
Rd6 47. Re8+ Kb7 48. Re7+ Ka6 49. Bxd2 cxd2 50. Qe2+ Qb5 51. Qd1 Qc4 52. Re1
dxe1=Q+ 53. Qxe1 Qd3 54. Qe5 Qd4 55. Qe8 Rd8 56. Qc6+ Ka7 57. a4 Rh8 58. Qc7+
Ka8 59. Qc6+ Kb8 60. Qb5+ Kc7 61. Qa5+ Kd6 62. Qa6+ Ke7 63. Qb7+ Kf6 64. Qf3+
Kg7 65. Qg3+ Kf7 66. Qc7+ Ke6 67. Qc6+ Ke5 68. Qb5+ Kd6 69. Qa6+ Kc7 70. Qa5+
Kb7 71. Qb5+ Kc8 72. Qa6+ Kb8 73. Qb5+ Kc7 74. Qa5+ 1/2-1/2

[Event "Championnat de France Minime"]
[Site "CALVI"]
[Date "2005.04.22"]
[Round "7.3"]
[White "Dourerassou, Jonathan"]
[Black "Blake, Cyprien"]
[Result "1-0"]
[WhiteElo "2343"]
[BlackElo "2060"]
[PlyCount "41"]
[EventDate "2005.??.??"]
[SourceDate "2005.04.17"]

1. e4 c5 2. Nf3 Nc6 3. d4 cxd4 4. Nxd4 g6 5. Nc3 Bg7 6. Be3 Nf6 7. Bc4 d6 8. f3
Qb6 9. Nf5 Qxb2 10. Nxg7+ Kf8 11. Nd5 Nxd5 12. Bxd5 Kxg7 13. O-O Qc3 14. Re1
Rd8 15. Kh1 Be6 16. Rb1 Rd7 17. Rb3 Qa5 18. Qa1+ Kg8 19. Bh6 Nd4 20. Rd1 Bxd5
21. Qxd4 1-0

[Event "Championnat de France Minime"]
[Site "CALVI"]
[Date "2005.04.22"]
[Round "7.5"]
[White "Brethes, Francois"]
[Black "Delorme, Axel"]
[Result "1/2-1/2"]
[WhiteElo "2161"]
[BlackElo "2202"]
[PlyCount "50"]
[EventDate "2005.??.??"]
[SourceDate "2005.04.17"]

1. d4 d5 2. Nf3 Nf6 3. c4 c6 4. Nc3 a6 5. c5 Bg4 6. Ne5 Bh5 7. Qb3 Ra7 8. Na4
Nfd7 9. Nd3 Bg6 10. Bf4 Bxd3 11. Qxd3 e5 12. Bxe5 Nxe5 13. Qe3 Nbd7 14. f4 f6
15. fxe5 fxe5 16. Nb6 e4 17. Nxd7 Qxd7 18. Qf4 Ra8 19. e3 Qf7 20. Qe5+ Be7 21.
Be2 O-O 22. h4 Bxh4+ 23. Kd2 Bf6 24. Qg3 Qg6 25. Qxg6 hxg6 1/2-1/2

[Event "Championnat de France Minime"]
[Site "CALVI"]
[Date "2005.04.22"]
[Round "7.6"]
[White "Genzling, Alain"]
[Black "Savon, Jeremie"]
[Result "1-0"]
[WhiteElo "2110"]
[BlackElo "1880"]
[PlyCount "76"]
[EventDate "2005.??.??"]
[SourceDate "2005.04.17"]

1. e4 e5 2. Nf3 d6 3. d4 exd4 4. Nxd4 Nf6 5. f3 Be7 6. c4 O-O 7. Nc3 c5 8. Nc2
Be6 9. Be3 Nfd7 10. Be2 Nb6 11. b3 Bf6 12. Qd2 Nc6 13. Rd1 a6 14. O-O Qe7 15.
f4 Rad8 16. Rde1 Rfe8 17. Bf3 Qc7 $11 18. Nd1 a5 19. a4 Re7 20. Nc3 Bxc4 21.
bxc4 Nxc4 22. Qd5 Bxc3 23. Qxc4 Bxe1 24. Rxe1 Rde8 25. Na3 Qd7 26. Rd1 Nb4 27.
Qb5 Qxb5 28. Nxb5 Rd8 29. Bxc5 Nc6 30. Bxd6 Re6 31. e5 Rh6 32. Nd4 Nxd4 33.
Rxd4 b6 34. Rc4 f6 35. Bd5+ Kh8 36. e6 f5 37. Be7 Rb8 38. Bg5 Rg6 {Temps} 1-0

[Event "Championnat de France Minime"]
[Site "CALVI"]
[Date "2005.04.22"]
[Round "7.7"]
[White "Monsieux, Cyril"]
[Black "Fontaine, David"]
[Result "1-0"]
[WhiteElo "2213"]
[BlackElo "1850"]
[PlyCount "69"]
[EventDate "2005.??.??"]
[SourceDate "2005.04.17"]

1. e4 c5 2. Nf3 Nc6 3. d4 cxd4 4. Nxd4 g6 5. c4 Bg7 6. Be3 Nf6 7. Nc3 d6 8. Be2
O-O 9. O-O Bd7 10. Qd2 Nxd4 11. Bxd4 Qa5 12. f3 a6 13. Rfd1 Rfc8 14. a3 Rab8
15. b4 Qd8 16. Rac1 Ne8 17. Ba7 Ra8 18. Be3 Rc6 19. Bf1 Rac8 20. Qf2 Nc7 21.
Nd5 b5 22. Bb6 bxc4 23. Bxc7 R8xc7 24. Nxc7 Qxc7 25. f4 c3 26. Bd3 Be6 27. Qe2
Bb3 28. Bc2 Bc4 29. Qe3 a5 30. Ba4 Ra6 31. b5 Ra8 32. e5 dxe5 33. Qxc3 Qb6+ 34.
Kh1 Rc8 35. fxe5 1-0

[Event "Championnat de France Minime"]
[Site "CALVI"]
[Date "2005.04.22"]
[Round "7.8"]
[White "Gambier, Hugo"]
[Black "Guerpillon, Louis"]
[Result "1/2-1/2"]
[WhiteElo "1870"]
[BlackElo "2063"]
[PlyCount "54"]
[EventDate "2005.??.??"]
[SourceDate "2005.04.17"]

1. e4 e6 2. d4 d5 3. e5 c5 4. c3 Nc6 5. Nf3 Nge7 6. Na3 cxd4 7. cxd4 Nf5 8. Nc2
Qb6 9. Be2 Bd7 10. O-O Rc8 11. a3 Na5 12. b4 Nc4 13. Bxc4 Rxc4 14. Ne3 Rxd4 15.
Nxd4 Qxd4 16. Bd2 Qxe5 17. Nxf5 Qxf5 18. Be3 a6 19. Rc1 Bd6 20. Bc5 Bf4 21. Rc3
f6 22. Rf3 Qg5 23. Re1 Kf7 24. Qd4 Bb8 25. Ba7 Bd6 26. Bc5 Bb8 27. Ba7 Bd6
1/2-1/2

[Event "Championnat de France Minime"]
[Site "CALVI"]
[Date "2005.04.22"]
[Round "7.9"]
[White "Bonnet, Anselme"]
[Black "Bonnet, Joyce"]
[Result "0-1"]
[WhiteElo "1950"]
[BlackElo "1750"]
[PlyCount "74"]
[EventDate "2005.??.??"]
[SourceDate "2005.04.17"]

1. e4 c5 2. Nf3 Nc6 3. d4 cxd4 4. Nxd4 d6 5. c4 Qb6 6. Nb3 Nf6 7. Nc3 g6 8. Be3
Qd8 9. Be2 Bg7 10. O-O O-O 11. f4 b6 12. Bf3 Bb7 13. Qd2 Qc8 14. h3 Nb4 15.
Rac1 Na6 16. g4 Nc5 17. Nxc5 dxc5 18. g5 Ne8 19. Bg4 e6 20. Bf3 Qc7 21. e5 Rd8
22. Qe2 Bxf3 23. Rxf3 h5 24. gxh6 Bxh6 25. Ne4 Qd7 26. Qg2 Qe7 27. h4 Ng7 28.
Nf6+ Kh8 29. Ng4 Nf5 30. Bf2 Rd2 31. Nxh6 Nxh6 32. h5 Rxb2 33. Qh1 Rg8 34. Bh4
Qd7 35. Kf1 Qd2 36. Re1 Kh7 37. Bg5 gxh5 0-1

[Event "Championnat de France Minime"]
[Site "CALVI"]
[Date "2005.04.22"]
[Round "7.10"]
[White "Buntz, Hadrien"]
[Black "Guilleux, Fabien"]
[Result "1-0"]
[WhiteElo "1829"]
[BlackElo "1900"]
[PlyCount "89"]
[EventDate "2005.??.??"]
[SourceDate "2005.04.17"]

1. e4 e6 2. d4 d5 3. Nc3 Nf6 4. e5 Nfd7 5. Nce2 c5 6. c3 Nc6 7. f4 f6 8. Nf3
Qb6 9. a3 Be7 10. h4 cxd4 11. Nexd4 Nxd4 12. cxd4 f5 13. h5 Nb8 14. h6 g6 15.
b3 Bd7 16. Bd3 Bb5 17. O-O Bxd3 18. Qxd3 Nc6 19. Be3 O-O 20. Nd2 Rfc8 21. Kf2
Rc7 22. b4 Rac8 23. Nb3 Nd8 24. Nc5 a6 25. g4 fxg4 26. Qd1 Bf8 27. Rh1 a5 28.
Rb1 axb4 29. Qxg4 Bxc5 30. dxc5 Qa5 31. axb4 Qa2+ 32. Kg3 Qc4 33. Rhc1 Qe4 34.
Qf3 Qxf3+ 35. Kxf3 Nc6 36. b5 Ne7 37. c6 bxc6 38. b6 Rb7 39. Bc5 Nf5 40. Ra1
Nxh6 41. Ra7 Rbb8 42. b7 Rc7 43. Rb1 Nf7 44. Ra8 Rcxb7 45. Rxb8+ 1-0

[Event "Championnat de France Minime Fille"]
[Site "CALVI"]
[Date "2005.04.22"]
[Round "7.1"]
[White "Laurens, Julia"]
[Black "Benmesbah, Natacha"]
[Result "1/2-1/2"]
[WhiteElo "2023"]
[BlackElo "2113"]
[PlyCount "121"]
[EventDate "2005.??.??"]
[SourceDate "2005.04.17"]

1. d4 Nf6 2. c4 g6 3. Nc3 Bg7 4. e4 d6 5. f3 O-O 6. Bg5 c6 7. Qd2 e5 8. d5 Qe7
9. Bd3 Na6 10. Nge2 Nc5 11. Bc2 h6 12. Be3 a5 13. dxc6 bxc6 14. Rd1 Ne8 15. Na4
Be6 16. Nxc5 dxc5 17. b3 Kh7 18. Nc3 f5 19. Na4 f4 20. Bxc5 Qh4+ 21. Qf2 Qxf2+
22. Kxf2 Rf7 23. Rd2 Bf6 24. Rhd1 g5 25. Bb6 g4 26. Bd8 Bg7 27. Nc5 Bc8 28. Bh4
Bf8 29. Nd7 Bxd7 30. Rxd7 Bc5+ 31. Ke2 gxf3+ 32. Kxf3 Ra7 33. Rd8 Nc7 34. Bf2
Bxf2 35. Kxf2 Ne6 36. Re8 Nd4 37. Rd2 Rfe7 38. Rxe7+ Rxe7 39. Bd1 Kg6 40. c5
Rb7 41. Be2 Kf6 42. Bc4 Rb8 $11 43. Ba6 Rb4 44. Bc4 Rb8 45. Rb2 h5 46. a3 Rb7
47. b4 axb4 48. axb4 Ra7 49. Ra2 Rb7 50. Rb2 Ra7 51. Be2 h4 $11 52. Bc4 Ra8 53.
Rb1 Ra3 54. b5 cxb5 55. Bxb5 Rc3 56. c6 Rc2+ 57. Kf1 Nxb5 58. Rxb5 Rxc6 59. Kf2
Rc3 60. Rb6+ Kg5 61. Rb5 1/2-1/2

[Event "Championnat de France Minime Fille"]
[Site "CALVI"]
[Date "2005.04.22"]
[Round "7.2"]
[White "Brih, Touatia"]
[Black "Koroid, Janna"]
[Result "1/2-1/2"]
[WhiteElo "1904"]
[BlackElo "1830"]
[PlyCount "132"]
[EventDate "2005.??.??"]
[SourceDate "2005.04.17"]

1. e4 g6 2. d4 Bg7 3. Nf3 d6 4. c3 Nd7 5. Bd3 b6 6. O-O Bb7 7. Bf4 e6 8. Re1
Ne7 9. Qd2 O-O 10. Bh6 e5 11. Bb5 c6 12. Ba4 f5 13. Bb3+ d5 14. exd5 cxd5 15.
dxe5 Nc5 16. Bxg7 Kxg7 17. Nd4 a6 18. Bc2 Nc6 19. b4 Nxd4 20. cxd4 Ne6 21. Nc3
Rc8 22. Bb3 Rf7 23. Rac1 Rfc7 24. Ne2 Qe7 25. a3 a5 26. Rxc7 Rxc7 27. bxa5 bxa5
28. Qxa5 Qd8 29. Qb6 Bc8 30. Qd6 Qxd6 31. exd6 Rc6 32. Bxd5 Rxd6 33. Bxe6 Bxe6
34. Nf4 Bb3 35. d5 Kf6 36. Re6+ Rxe6 37. Nxe6 Bxd5 38. Nc7 Bc6 39. f4 g5 40. g3
gxf4 41. gxf4 Ke7 42. Kf2 Kd6 43. Na6 Bb5 44. Nb4 Kc5 45. Kg3 Kd4 46. Kh4 Ke4
47. Kg3 h5 48. h4 Kd4 49. Kf3 Ba4 50. Na6 Bd1+ 51. Kf2 Kc4 52. Ke3 Kb3 53. Kd4
Kxa3 54. Ke5 Bg4 55. Nc7 Kb4 56. Nd5+ Kb5 57. Ne7 Kb6 58. Nxf5 Kc7 59. Ng7 Kd8
60. Kf6 Kd7 61. Kg5 Ke7 62. Nxh5 Bh3 63. Nf6 Kf7 64. h5 Kg7 65. h6+ Kh8 66. f5
Bxf5 {Diagramme #} 1/2-1/2

[Event "Championnat de France Minime Fille"]
[Site "CALVI"]
[Date "2005.04.22"]
[Round "7.3"]
[White "Esposito, Julie"]
[Black "Ferry, Justine"]
[Result "0-1"]
[WhiteElo "1810"]
[BlackElo "1882"]
[PlyCount "86"]
[EventDate "2005.??.??"]
[SourceDate "2005.04.17"]

1. e4 c5 2. Nf3 e6 3. c3 d5 4. exd5 Qxd5 5. d4 cxd4 6. Nxd4 a6 7. Be3 e5 8. Nb3
Nf6 9. f3 Be7 10. N1d2 O-O 11. Bc4 Qd8 12. O-O Nbd7 13. a4 b6 14. Re1 Bb7 15.
Bf2 Qc7 16. Bd3 Nc5 17. Nxc5 Bxc5 18. Qe2 Bxf2+ 19. Qxf2 Rad8 20. Be4 Nxe4 21.
Nxe4 f5 22. Ng3 g6 23. Rad1 Kg7 24. Qe3 Rxd1 25. Rxd1 f4 26. Qd3 fxg3 27. hxg3
Rf7 28. Kh1 Qc6 29. b3 b5 30. a5 e4 31. Qd4+ Qf6 32. f4 Qxd4 33. Rxd4 e3 34.
Rd1 e2 35. Re1 Re7 36. Kg1 Bd5 37. b4 Bc4 38. Kf2 Kf6 39. g4 Rd7 40. Ke3 Rd1
41. Kf2 h5 42. gxh5 gxh5 43. g3 Kf5 0-1

[Event "Championnat de France Minime Fille"]
[Site "CALVI"]
[Date "2005.04.22"]
[Round "7.4"]
[White "Gras, Delphine"]
[Black "Le Bail, Clara"]
[Result "1-0"]
[WhiteElo "1952"]
[BlackElo "1938"]
[PlyCount "71"]
[EventDate "2005.??.??"]
[SourceDate "2005.04.17"]

1. e4 c5 2. Nf3 Nc6 3. d4 cxd4 4. Nxd4 Nf6 5. Nc3 e5 6. Ndb5 d6 7. Bg5 a6 8.
Na3 b5 9. Bxf6 gxf6 10. Nd5 Bg7 11. c3 Ne7 12. Nc2 f5 13. Nxe7 Qxe7 14. exf5
Bxf5 15. Qf3 Bxc2 16. Qxa8+ Qd8 17. Qc6+ Qd7 18. Qxa6 O-O 19. Bxb5 Qe7 20. Bd3
Bxd3 21. Qxd3 Rb8 22. Rb1 e4 23. Qg3 Kh8 24. O-O Be5 25. Qe3 Rg8 26. f4 Bg7 27.
a4 f5 28. Rfd1 Ra8 29. Ra1 Qc7 30. Rd5 Qd7 31. a5 Ra6 32. Qh3 Qa7+ 33. Kf1 Rc6
34. Qxf5 e3 35. Qe4 Qa6+ 36. Qd3 1-0

[Event "Championnat de France Minime Fille"]
[Site "CALVI"]
[Date "2005.04.22"]
[Round "7.5"]
[White "Cwiek, Perrine"]
[Black "Congiu, Mathilde"]
[Result "0-1"]
[WhiteElo "1690"]
[BlackElo "2072"]
[PlyCount "70"]
[EventDate "2005.??.??"]
[SourceDate "2005.04.17"]

1. e4 c5 2. Nf3 Nc6 3. Bb5 g6 4. O-O Bg7 5. c3 Nf6 6. Re1 O-O 7. d4 d5 8. exd5
Qxd5 9. Bxc6 Qxc6 10. dxc5 Qxc5 11. Be3 Qc7 12. Nbd2 e5 13. Qc2 Bf5 14. Qb3 Bd3
15. h3 h6 16. Nf1 g5 17. Ng3 b6 18. Rad1 Rad8 19. Bc1 Nh7 20. Nh5 Rfe8 21. Nxg7
Kxg7 22. Qb4 f5 23. Re3 Be4 24. Rde1 Nf6 25. c4 g4 26. Nh2 h5 27. Qc3 Rd4 28.
b3 f4 29. R3e2 Rd3 30. Qc2 Re3 31. Qb2 Rxe2 32. Qxe2 gxh3 33. gxh3 Kh7 34. Nf3
Rg8+ 35. Kh2 Qb7 0-1

[Event "Championnat de France Minime Fille"]
[Site "CALVI"]
[Date "2005.04.22"]
[Round "7.6"]
[White "Bismuth, Lea"]
[Black "Llorens, Jenna"]
[Result "1/2-1/2"]
[WhiteElo "1860"]
[BlackElo "1810"]
[PlyCount "143"]
[EventDate "2005.??.??"]
[SourceDate "2005.04.17"]

1. e4 c5 2. c4 Nc6 3. Nc3 g6 4. d3 Bg7 5. g3 Nf6 6. Bg2 d6 7. Nge2 O-O 8. O-O
Bd7 9. h3 Ne8 10. Bf4 Nc7 11. Qd2 f5 12. Bh6 Qe8 13. Bxg7 Kxg7 14. Nf4 Qf7 15.
Rad1 e5 16. Nfd5 Nxd5 17. Nxd5 f4 18. gxf4 exf4 19. f3 Rae8 20. Kh2 Re5 21. Qf2
Be6 22. Nc3 Qd7 23. Rh1 Rh5 24. Qf1 Nd4 25. Rc1 Rg5 26. Ne2 Nc6 27. a3 Ne5 28.
Rc3 Rh5 29. Kg1 Qe7 30. Qf2 Rh4 31. Kf1 g5 32. Ke1 Rf6 33. Kd2 Rfh6 34. Ng1 Qd8
35. b4 b6 36. Bf1 Qd7 37. Qg2 Rg6 38. Ne2 h5 39. b5 a6 40. Rb3 Qa7 41. Nc3 Bd7
42. a4 g4 43. hxg4 Rxh1 44. Qxh1 hxg4 45. fxg4 Bxg4 46. Rb2 Nf3+ 47. Kc1 axb5
48. cxb5 Qa5 49. Kc2 Rh6 50. Bh3 Rxh3 51. Qc1 Rh2+ 52. Kb3 Qb4+ 53. Ka2 Qxb2+
54. Qxb2 Rxb2+ 55. Kxb2 Ne1 56. Nd5 Nxd3+ 57. Kc3 Nf2 58. Nxf4 Bd1 59. Nd5 Bxa4
60. Kc4 Nxe4 61. Nxb6 Bxb5+ 62. Kxb5 Kf6 63. Kc4 Ke5 64. Nd7+ Ke6 65. Nb6 Nf6
66. Na4 Nd7 67. Nc3 Ne5+ 68. Kb5 c4 69. Kb4 d5 70. Kc5 Nd3+ 71. Kd4 Nf4 72.
Nxd5 1/2-1/2

[Event "Championnat de France Minime Fille"]
[Site "CALVI"]
[Date "2005.04.22"]
[Round "7.7"]
[White "Gadarinian, Caroline"]
[Black "Revidon, Laetitia"]
[Result "0-1"]
[WhiteElo "1927"]
[BlackElo "1700"]
[PlyCount "108"]
[EventDate "2005.??.??"]
[SourceDate "2005.04.17"]

1. Nf3 Nc6 2. d4 d5 3. Bg5 Nf6 4. c3 e6 5. Nbd2 Be7 6. e3 O-O 7. Bd3 h6 8. Bh4
Nd7 9. Bg3 f5 10. Qc2 Nf6 11. Nh4 Bd6 12. Ng6 Re8 13. Nf3 Ne7 14. Nfe5 Nxg6 15.
Nxg6 b6 16. Be2 Bb7 17. Bh4 Kh7 18. Bh5 Rg8 19. g4 Bc8 20. f3 Be7 21. Rg1 Bd7
22. a3 Qe8 23. gxf5 exf5 24. O-O-O Nxh5 25. Nxe7 Rf8 26. Nxd5 c6 27. Ne7 g5 28.
Bxg5 hxg5 29. Rxg5 Qxe7 30. Rxh5+ Kg6 31. Rh3 Qxe3+ 32. Kb1 Kf6 33. Qg2 Rh8 34.
Rg3 Qh6 35. h3 f4 36. Rg1 fxg3 37. Qxg3 Bf5+ 38. Ka1 Rae8 39. Qd6+ Re6 40. Qc7
Qh7 41. Qf4 Rg8 42. Rh1 Rg2 43. h4 Qh5 44. Rf1 Rge2 45. Ka2 Rg2 46. Qc7 Qf7 47.
Qd8+ Re7+ 48. Ka1 Qe8 49. Qd6+ Re6 50. Qf4 Re1+ 51. Rxe1 Qxe1+ 52. Ka2 Qe6+ 53.
d5 Qxd5+ 54. c4 Qd2 0-1

[Event "Championnat de France Minime Fille"]
[Site "CALVI"]
[Date "2005.04.22"]
[Round "7.8"]
[White "Hamman, Sophie"]
[Black "Cheype, Marie"]
[Result "1/2-1/2"]
[WhiteElo "1750"]
[BlackElo "1720"]
[PlyCount "82"]
[EventDate "2005.??.??"]
[SourceDate "2005.04.17"]

1. e4 c5 2. Nf3 e6 3. d4 cxd4 4. Nxd4 a6 5. Bd3 Qc7 6. O-O Nc6 7. Nxc6 bxc6 8.
Nd2 d5 9. c4 Nf6 10. Qc2 Bd6 11. h3 Bb7 12. Re1 Nd7 13. b3 Ne5 14. Bb2 O-O 15.
Rac1 Nxd3 16. Qxd3 Qd8 17. Qc3 Qg5 18. Nf3 Qg6 19. Nd2 Bf4 20. f3 Rad8 21. Rcd1
d4 22. Qd3 e5 23. Nf1 Bc8 24. Kh1 Rfe8 25. Nh2 Qg3 26. Nf1 Qh4 27. Qe2 Re6 28.
Nh2 Qg3 29. Nf1 Qh4 30. Nh2 Bg3 31. Rg1 Rh6 32. Ng4 Bxg4 33. fxg4 Rdd6 34. Rd3
Rdf6 35. Rf1 Rxf1+ 36. Qxf1 Qxg4 37. Bc1 Rh5 38. Kg1 Qg6 39. Qf3 Bh4 40. g4 Bg5
41. gxh5 Be3+ 1/2-1/2

[Event "Championnat de France Minime Fille"]
[Site "CALVI"]
[Date "2005.04.22"]
[Round "7.9"]
[White "Koenig, Marina"]
[Black "Belloc, Sidonie"]
[Result "1/2-1/2"]
[WhiteElo "1660"]
[BlackElo "1570"]
[PlyCount "102"]
[EventDate "2005.??.??"]
[SourceDate "2005.04.17"]

1. c4 e5 2. Nc3 Nf6 3. g3 d5 4. cxd5 Nxd5 5. Bg2 Nxc3 6. bxc3 c6 7. Nf3 Bd6 8.
O-O O-O 9. Bb2 Bf5 10. d3 Nd7 11. Nd2 Re8 12. e4 Bg6 13. d4 Qc7 14. Re1 Nb6 15.
Rc1 Rad8 16. a3 Qe7 17. Qb3 exd4 18. cxd4 Qe6 19. Qc3 Na4 20. d5 Nxc3 21. dxe6
Nb5 22. exf7+ Bxf7 23. a4 Nc7 24. Nf3 Bb4 25. Bc3 Bxc3 26. Rxc3 Bg6 27. Ng5 h6
28. Nh3 Nd5 29. Rb3 b6 30. f3 c5 31. Kf2 Nb4 32. Bf1 Bf7 33. Rc3 Rd2+ 34. Kg1
Red8 35. Nf2 Ra2 36. e5 Be6 37. Nh3 g5 38. f4 g4 39. Nf2 Kf7 40. f5 Bxf5 41.
Bc4+ Be6 42. Bxa2 Nxa2 43. Rd3 Rc8 44. Ne4 Ke7 45. Nc3 Nb4 46. Rd2 c4 47. Re3
Nd3 48. Rc2 Rc5 49. Rce2 Nc1 50. Re1 Nd3 51. R1e2 Nc1 1/2-1/2

[Event "Championnat de France Minime Fille"]
[Site "CALVI"]
[Date "2005.04.22"]
[Round "7.10"]
[White "Le Moal, Marie"]
[Black "Perrusset, Barbara"]
[Result "1/2-1/2"]
[WhiteElo "1590"]
[BlackElo "1883"]
[PlyCount "115"]
[EventDate "2005.??.??"]
[SourceDate "2005.04.17"]

1. e4 c5 2. Nc3 Nc6 3. g3 g6 4. Bg2 Bg7 5. d3 e6 6. Nge2 Nge7 7. Bd2 O-O 8. Qc1
d5 9. exd5 exd5 10. Bh6 Bxh6 11. Qxh6 Nb4 12. Qd2 Rb8 13. O-O b5 14. Nf4 d4 15.
Ne4 Qb6 16. a3 Nbd5 17. Rfe1 Kg7 18. h4 h6 19. Nxd5 Nxd5 20. Qe2 Be6 21. Nd2
Nf6 22. Nf3 Rfe8 23. Qd2 Qd6 24. a4 a6 25. b3 Nd5 26. Ne5 Nc3 27. Nf3 bxa4 28.
bxa4 a5 29. Qc1 Rb4 30. Nd2 f5 31. Nb3 Qb6 32. Qf4 Rxa4 33. Qe5+ Kf7 34. Nxc5
Rxa1 35. Rxa1 Ba2 36. Nd7 Rxe5 37. Nxb6 Re2 38. Rc1 Bb1 39. Nc4 Rxc2 40. Rxc2
Bxc2 41. Nxa5 Bxd3 42. Nb3 Ne2+ 43. Kh2 Bb5 44. Bf3 d3 45. Kg2 Ba4 46. Nc5 Bc2
47. Kf1 Nd4 48. Bd5+ Kf6 49. Ke1 Ke5 50. Bg2 Nb3 51. Nxb3 Bxb3 52. Kd2 Kd4 53.
Bc6 Bc4 54. f3 Bf7 55. Bb7 g5 56. hxg5 hxg5 57. f4 gxf4 58. gxf4 1/2-1/2

[Event "Championnat de France Minime"]
[Site "CALVI"]
[Date "2005.04.23"]
[Round "8.1"]
[White "Vernay, Clovis"]
[Black "Edouard, Romain"]
[Result "1-0"]
[WhiteElo "2224"]
[BlackElo "2255"]
[PlyCount "81"]
[EventDate "2005.??.??"]
[SourceDate "2005.04.17"]

1. d4 Nf6 2. c4 g6 3. Nc3 d5 4. Nf3 Bg7 5. Bf4 c5 6. dxc5 Qa5 7. cxd5 Nxd5 8.
Qxd5 Bxc3+ 9. Bd2 Be6 10. Qxb7 Bxd2+ 11. Nxd2 O-O 12. b4 Qa4 13. e3 Nd7 14. a3
Rad8 15. Be2 Qc2 16. Qe4 Qxd2+ 17. Kxd2 Nxc5+ 18. Qd4 Nb3+ 19. Kc3 Nxd4 20.
exd4 Rd6 21. Rhd1 a5 22. b5 Rc8+ 23. Kb2 Bd5 24. f3 a4 25. Rac1 Rcd8 26. Rd2
Bb3 27. Bc4 Rb8 28. Be2 e5 29. d5 Rxd5 30. Rxd5 Bxd5 31. Rc5 Rd8 32. Kc3 Kf8
33. Kb4 Ke7 34. Kxa4 Kd6 35. Kb4 f5 36. a4 g5 37. Bc4 Ba8 38. a5 h5 39. b6 Bc6
40. Bb5 Ba8 41. Rc1 1-0

[Event "Championnat de France Minime"]
[Site "CALVI"]
[Date "2005.04.23"]
[Round "8.2"]
[White "Dourerassou, Jonathan"]
[Black "Fougerit, Valentin"]
[Result "1-0"]
[WhiteElo "2343"]
[BlackElo "2068"]
[PlyCount "81"]
[EventDate "2005.??.??"]
[SourceDate "2005.04.17"]

1. e4 e5 2. d4 exd4 3. Nf3 Nc6 4. Nxd4 Bc5 5. Nb3 Bb6 6. a4 a6 7. Nc3 d6 8. Nd5
Ba7 9. Qf3 Ne5 10. Qg3 Ng6 11. Bg5 Qd7 12. O-O-O h6 13. Bd2 N8e7 14. Nxe7 Qxe7
15. h4 Bd7 16. f4 O-O-O 17. h5 Nf8 18. Be3 Bxe3+ 19. Qxe3 Kb8 20. a5 Bc6 21.
Bd3 Ne6 22. Kb1 Rhe8 23. g3 Qf6 24. Rhe1 Re7 25. Qg1 Rde8 26. Re2 Nd8 27. Rde1
Bd7 28. Re3 Nc6 $11 29. Qh1 Bg4 30. Bf1 Qe6 31. Bg2 Qc4 32. e5 Bd7 33. Re4 Qe6
34. Nd4 Qg4 35. Bf3 Qh3 36. Nxc6+ bxc6 37. Rb4+ Kc8 38. Be2 Qxh1 39. Rxh1 Bf5
40. Bxa6+ Kd7 41. Bb7 1-0

[Event "Championnat de France Minime"]
[Site "CALVI"]
[Date "2005.04.23"]
[Round "8.3"]
[White "Buntz, Hadrien"]
[Black "Heinz, Timothee"]
[Result "0-1"]
[WhiteElo "1829"]
[BlackElo "2231"]
[PlyCount "50"]
[EventDate "2005.??.??"]
[SourceDate "2005.04.17"]

1. e4 c5 2. Nf3 d6 3. d4 Nf6 4. Nc3 cxd4 5. Nxd4 a6 6. Bg5 e6 7. f4 b5 8. e5
dxe5 9. fxe5 Qc7 10. Qe2 Nfd7 11. O-O-O Nc6 12. Nf3 Bb7 13. Re1 Bb4 14. Bd2 O-O
15. Kb1 Rac8 16. Ne4 Ndxe5 17. Nxe5 Qxe5 18. Qf2 Bxd2 19. Qxd2 Qd4 20. Bd3 Nb4
21. Nf6+ Kh8 22. Nxh7 Nxd3 23. c3 Qd5 24. Re3 Kxh7 25. Rxd3 Qxg2 0-1

[Event "Championnat de France Minime"]
[Site "CALVI"]
[Date "2005.04.23"]
[Round "8.4"]
[White "Delorme, Axel"]
[Black "Monsieux, Cyril"]
[Result "0-1"]
[WhiteElo "2202"]
[BlackElo "2213"]
[PlyCount "116"]
[EventDate "2005.??.??"]
[SourceDate "2005.04.17"]

1. e4 c5 2. Nf3 d6 3. d4 cxd4 4. Nxd4 Nf6 5. Nc3 a6 6. f3 e6 7. Be3 b5 8. g4 h6
9. Qd2 b4 10. Nce2 e5 11. Nb3 a5 12. O-O-O a4 13. Nbd4 exd4 14. Nxd4 Be7 15.
Bb5+ Bd7 16. Bxd7+ Qxd7 17. Nf5 b3 18. cxb3 axb3 19. a3 g6 20. Nxd6+ Bxd6 21.
Qxd6 Qxd6 22. Rxd6 Ke7 23. Rhd1 Ra6 24. Rxa6 Nxa6 25. g5 Nd7 26. gxh6 Nac5 27.
Rd5 Ne6 28. h4 f6 29. Rb5 Ne5 30. Rxb3 Nc4 31. Rb7+ Kd6 32. Bf2 Rxh6 33. Bg3+
Kc6 34. Re7 Nd4 35. Kd1 Ne3+ 36. Ke1 Ng2+ 37. Kf2 Nxh4 38. Rc7+ Kb6 39. Rd7 Kc5
40. Rd5+ Kc4 41. Rd6 Nhxf3 42. Rxf6 Ng5 43. Ke3 Rh3 44. b3+ Kc3 45. Rxg6 Rxg3+
46. Kf4 Rg1 47. Rb6 Nxb3 48. Rc6+ Kd3 49. Rd6+ Nd4 50. Rd7 Nge6+ 51. Ke5 Rg5+
52. Kf6 Kxe4 53. Re7 Rf5+ 54. Kg6 Ke5 55. a4 Rg5+ 56. Kh7 Kd6 57. Re8 Nf5 58.
Ra8 Rh5+ 0-1

[Event "Championnat de France Minime"]
[Site "CALVI"]
[Date "2005.04.23"]
[Round "8.6"]
[White "Henry, Guillaume"]
[Black "Genzling, Alain"]
[Result "1/2-1/2"]
[WhiteElo "2128"]
[BlackElo "2110"]
[PlyCount "123"]
[EventDate "2005.??.??"]
[SourceDate "2005.04.17"]

1. e4 c5 2. Ne2 Nc6 3. Nbc3 g6 4. g3 Bg7 5. Bg2 e5 6. Nd5 Nge7 7. Nec3 d6 8. d3
h6 9. O-O O-O 10. f4 f5 11. fxe5 Nxd5 12. Nxd5 dxe5 13. Be3 b6 14. Nc3 Bd7 15.
exf5 gxf5 16. Qh5 Qe8 17. Qxe8 Raxe8 18. Nd5 Kh7 19. c3 Ne7 20. Rac1 Nxd5 21.
Bxd5 Rd8 22. a3 Rf6 23. b4 cxb4 24. axb4 Bc6 25. Bc4 b5 26. Bb3 Rxd3 27. Bxa7
e4 28. Bd4 Rf8 29. Be6 Rf3 30. Rxf3 exf3 31. Kf2 Be4 32. Bxg7 Kxg7 33. Rd1 Kf6
34. Bb3 Rc8 35. Rd6+ Kg7 36. Rd7+ Kh8 37. Rd4 Rxc3 38. Bd1 h5 39. h3 Kg7 40. g4
hxg4 41. hxg4 Kf6 42. gxf5 Kxf5 43. Rd8 Ke5 44. Rb8 Rd3 45. Rxb5+ Kf4 46. Bxf3
Rxf3+ 47. Ke1 Ke3 48. Rb8 Rh3 49. Rf8 Rh5 50. Rf7 Rb5 51. Rf8 Rxb4 52. Rd8 Rb7
53. Rd6 Rf7 54. Re6 Ra7 55. Rd6 Ra1+ 56. Rd1 Ra2 57. Rd8 Re2+ 58. Kd1 Rh2 59.
Kc1 Rc2+ 60. Kd1 Rb2 61. Ke1 Rb5 62. Rd7 1/2-1/2